Fundamentals of guidance / (Record no. 25620)

MARC details
000 -CABECERA
campo de control de longitud fija 00635nam a2200217 a 4500
005 - FECHA Y HORA DE LA ÚLTIMA TRANSACCIÓN
campo de control 20230315063845.0
008 - ELEMENTOS DE LONGITUD FIJA--INFORMACIÓN GENERAL
campo de control de longitud fija 991125s1976 bos 000 0 eng u
020 ## - NÚMERO INTERNACIONAL NORMALIZADO PARA LIBROS
Número Internacional Estándar del Libro 0395206219
035 ## - NÚMERO DE CONTROL DEL SISTEMA
Número de control de sistema UPN01000025620
049 ## - COLECCIÓN
Colección CG
050 #4 - SIGNATURA TOPOGRÁFICA DE LA BIBLIOTECA DEL CONGRESO
Número de clasificación LB1027.5
Número de documento/Ítem S5.4 1976
100 1# - ASIENTO PRINCIPAL--NOMBRE PERSONAL
Nombre de persona Shertzer, Bruce
245 10 - MENCIÓN DE TÍTULO
Título Fundamentals of guidance /
Mención de responsabilidad, etc. Bruce Shertzer, Shelley C. Stone.
250 ## - MENCIÓN DE EDICIÓN
Mención de edición 3a ed.
260 ## - PUBLICACIÓN, DISTRIBUCIÓN, ETC.
Lugar de publicación, distribución, etc. Boston, USA :
Nombre del editor, distribuidor, etc. Houghton Mifflin :
Fecha de publicación, distribución, etc. 1976.
300 ## - DESCRIPCIÓN FÍSICA
Extensión xii, 522 p. :
Otras características físicas il.
650 #4 - ASIENTO SECUNDARIO DE MATERIA - TERMINO TEMATICO
Término de materia o nombre geográfico como elemento de entrada Orientación vocacional
9 (RLIN) 5
650 #4 - ASIENTO SECUNDARIO DE MATERIA - TERMINO TEMATICO
Término de materia o nombre geográfico como elemento de entrada PERSONAL EN EDUCACION
9 (RLIN) 7471
700 1# - ASIENTO SECUNDARIO--NOMBRE DE PERSONAL
Nombre de persona Stone, Shelley C.,
Fechas asociadas al nombre 1928-,
Término indicativo de función/relación coaut.
905 ## - TIPO DE MATERIAL
Tipo de material Libro
Holdings
Estado de retiro Estado de pérdida Fuente del sistema de clasificación o colocación Estado dañado No para préstamo Código de colección Localización permanente Ubicación/localización actual Ubicación en estantería Total de préstamos Clasificación Código de barras Fecha visto por última vez Número de copia Tipo de ítem Koha
    Library of Congress Classification     Colección General Bib. Gregorio Torres Quintero Bib. Gregorio Torres Quintero Planta baja 1 LB1027.5 S5.4 1976 69754 31/12/2020 1 Libro